Top 10 Most powerful International Rugby Teams 2025 - Statistics

General Stats
  • This quiz has been taken 43 times
  • The average score is 10 of 10
Answer Stats
Hint Answer % Correct
5. England
100%
4. France
100%
2. New Zealand
100%
1. South Africa
100%
7. Australia
97%
3. Ireland
97%
8. Scotland
94%
9. Fiji
92%
6. Argentina
86%
10 Italy
86%
No matching quizzes found
Score Distribution
Percent of People with Each Score
Percentile by Number Answered
Your Score History
You have not taken this quiz